000 005740000a22001690004500
003 MACL
005 20160206112534.0
008 160206b xxu||||| |||| 00| 0 eng d
040 _aMACL
_cMACL
041 _aSanskrit
082 _a100
100 _aशर्मा स्‍व. महामहोपाघ्‍याय रामावतार
_937040
245 _aसूरोपीय दर्शन
260 _bबिहार राष्‍ट्रभाषा परिषद
_c1952
_aपटना
650 _aPhilosophy
_937041
942 _cSAN
_k100
_2ddc
999 _c24389
_d24389